La capacidad contractual del menor

Bibliographic Details
Main Author: Lopez San Luis, Rocio
Format: Unknown
Language:Spanish
Published: Madrid : Dykinson, 2001
Subjects:
Online Access:Acceso restringido

MARC

LEADER 00000ny a22000003n 4500
005 20110627145413.0
006 m u
007 cr cn|||||||||
008 200507r2001 sp |||||s|||||||||||spa d
020 |a 9788481558593 
035 |a 291 
040 |a FlNmELB  |c FlNmELB  |d vLex 
050 1 4 |a KKT515.5  |b L864 2001eb 
080 |a 347 
090 |c 1138  |d 1138 
100 1 |a Lopez San Luis, Rocio 
245 1 3 |a La capacidad contractual del menor  |h [Recurso electrn̤ico]  |c Rocio Lopez San Luis 
256 |a Servicio en ln̕ea 
260 |a Madrid :  |b Dykinson,  |c 2001 
300 |a [9]-269 p 
506 1 |a Contenido solo disponible en los productos indicados  |d vLex Global  |d vLex Global (Academic Edition, excluding Law Schools)  |d vLex Global (U.S. Academic Edition, Law Schools)  |d vLex Global (U.S. Academic Edition, excluding Law Schools)  |d vLex Global (Academic Edition, Law Schools) 
650 0 7 |a Menores  |2 Tesauro vLex 
650 0 7 |a Civil  |2 Tesauro vLex 
650 0 7 |a Capacidad contractual  |2 Tesauro vLex 
650 0 7 |a Menores de edad  |2 Tesauro vLex 
740 0 |a vLex Libros (Servicios en ln̕ea) 
856 4 0 |u http://vlex.com/source/291  |z Acceso restringido 
942 |c BOOK